ბათუმის შოთა რუსთაველის სახელმწიფო უნივერსიტეტის ბიბლიოთეკა

სუბტროპიკულ მცენარეთა ეკოლოგია (ბიბ.ჩანაწერი № 56498)

000 -LEADER
fixed length control field 01199nam a2200265Ia 4500
001 - CONTROL NUMBER
control field 23611
003 - CONTROL NUMBER IDENTIFIER
control field GE_BSU
008 - FIXED-LENGTH DATA ELEMENTS--GENERAL INFORMATION
fixed length control field 181216s||||||||xx |||||||||||||| ||und||
020 ## - INTERNATIONAL STANDARD BOOK NUMBER
International Standard Book Number 9789941462764
040 ## - CATALOGING SOURCE
Transcribing agency GE_BSU
080 ## - UNIVERSAL DECIMAL CLASSIFICATION NUMBER
Universal Decimal Classification number 634.6(213)(075.8)+581.5
100 ## - MAIN ENTRY--PERSONAL NAME
Personal name ნაკაშიძე, ნ., მიქელაძე, ზ., მიელაძე, ა.
245 ## - TITLE STATEMENT
Title სუბტროპიკულ მცენარეთა ეკოლოგია
245 ## - TITLE STATEMENT
Remainder of title სახელმძღვანელო
245 ## - TITLE STATEMENT
Statement of responsibility, etc. რედ. ვ. ცანავა.
250 ## - EDITION STATEMENT
Edition statement ბათუმის შოთა რუსთაველის სახ-ფო უნ-ტი. აგროეკოლოგიისა და სატყეო საქმის დეპ-ტი.
260 ## - PUBLICATION, DISTRIBUTION, ETC.
Place of publication, distribution, etc. ბათუმი
260 ## - PUBLICATION, DISTRIBUTION, ETC.
Name of publisher, distributor, etc. ბათუმის შოთა რუსთაველის სახ. უნ-ტი
260 ## - PUBLICATION, DISTRIBUTION, ETC.
Date of publication, distribution, etc. 2018
300 ## - PHYSICAL DESCRIPTION
Extent 354გვ. 20სმ. ილ.
653 ## - INDEX TERM--UNCONTROLLED
Uncontrolled term სახელმძღვანელო
653 ## - INDEX TERM--UNCONTROLLED
Uncontrolled term სუბტროპიკულ მცენარეთა ეკოლოგია
942 ## - ADDED ENTRY ELEMENTS (KOHA)
Koha item type წიგნი
ეგზემპლარები
Withdrawn status Lost status Damaged status Not for loan Date acquired Barcode Date last seen Price effective from Koha item type
        2018-12-17 58879 2018-12-17 2018-12-17 წიგნი
        2018-12-17 58880 2018-12-17 2018-12-17 წიგნი
        2018-12-17 58881 2018-12-17 2018-12-17 წიგნი
        2018-12-17 58882 2018-12-17 2018-12-17 წიგნი
        2018-12-17 58878 2018-12-17 2018-12-17 წიგნი